000 00461nam a2200169Ia 4500
008 241115s9999 xx 000 0 und d
020 _a978-81-317-1552-9
082 _a519.5 WAL
100 _aWalpole, Ronald E.
245 0 _aProbability and Statistics: for engineers and scientists
250 _a8th ed.
260 _aNew York:
_bPearson,
_c2007
300 _a840p.
600 _aHumanities & Natural Science
650 _aSocial Sciences
942 _cBBD
999 _c26918
_d26918